000 00717nam a2200217Ia 4500
003 GCL
008 140319s9999 xx 000 0 ara d
040 _aGCL /
_cGCL
082 0 4 _a709.1
_bس ع
100 1 _aسعد زغلول عبدالحميد
245 1 0 _aالعمارة والفنون فى دولة الاسلام /
_cسعد زغلول عبدالحميد
260 _a[S.N] :
_bمنشاة المعارف ،
_c1986
300 _a588 ص
490 _a
650 0 4 _aالاسلام
650 0 4 _aالعمارة الاسلامية
650 0 4 _aالحضارة الاسلامية
650 0 4 _aالاثار الاسلامية فى الاندلس
650 0 4 _aالفن الاسلامى
942 _2ddc
_cBK
999 _c32699
_d32699